Fresh fruits, vegetables, and dairy products : (Record no. 3659)

MARC details
000 -LEADER
fixed length control field 00968nam a2200241 a 4500
005 - DATE AND TIME OF LATEST TRANSACTION
control field 20260112063307.0
039 ## - LEVEL OF BIBLIOGRAPHIC CONTROL AND CODING DETAIL [OBSOLETE]
Level of rules in bibliographic description 201110210259
Level of effort used to assign nonsubject heading access points staff
-- 201110210257
-- staff
082 ## - DEWEY DECIMAL CLASSIFICATION NUMBER
Classification number 382.6
Item number EXI
245 ## - TITLE STATEMENT
Title Fresh fruits, vegetables, and dairy products :
Remainder of title India's potential for export to other Asian countries.
260 ## - PUBLICATION, DISTRIBUTION, ETC.
Place of publication, distribution, etc. [Mumbai] :
Name of publisher, distributor, etc. Quest Publications,
Date of publication, distribution, etc. 2005.
300 ## - PHYSICAL DESCRIPTION
Extent 132 p. :
Other physical details col. ill. ;
Dimensions 25 cm.
490 ## - SERIES STATEMENT
Series statement Occasional paper ;
Volume/sequential designation no. 104
520 ## - SUMMARY, ETC.
Summary, etc. On fruit trade, vegetable trade, and dairy products export marketing from India; a study.
650 ## - SUBJECT ADDED ENTRY--TOPICAL TERM
Topical term or geographic name entry element Fruit trade
Geographic subdivision India.
650 ## - SUBJECT ADDED ENTRY--TOPICAL TERM
Topical term or geographic name entry element Vegetable trade
Geographic subdivision India.
650 ## - SUBJECT ADDED ENTRY--TOPICAL TERM
Topical term or geographic name entry element Dairy products
Geographic subdivision India.
650 ## - SUBJECT ADDED ENTRY--TOPICAL TERM
Topical term or geographic name entry element Export marketing
Geographic subdivision India.
710 ## - ADDED ENTRY--CORPORATE NAME
Corporate name or jurisdiction name as entry element Export-Import Bank of India.
830 ## - SERIES ADDED ENTRY--UNIFORM TITLE
Uniform title Occasional paper (Export-Import Bank of India) ;
Volume/sequential designation no. 104.
991 ## -
-- VIRTUA40
991 ## -
-- VTLSSORT0080*0820*2450*2600*3000*4900*5200*6500*6501*6502*6503*7100*8300*9992
909 ## -
-- 4127
Holdings
Withdrawn status Lost status Damaged status Not for loan Home library Current library Date acquired Total checkouts Full call number Barcode Copy number Koha item type
        Indian Institute Of Management, Shillong Indian Institute Of Management, Shillong 21/10/2011   382.6 EXI G000012   Reference
Copyright © 2026 Indian Institute of Management Shillong. All Rights Reserved.